| 000 | 00911nam a2200265Ia 4500 | ||
|---|---|---|---|
| 003 | OSt | ||
| 005 | 20220926011344.0 | ||
| 006 | a|||||r|||| 00| 0 | ||
| 007 | ta | ||
| 008 | 220923b |||||||| |||| 00| 0 eng d | ||
| 020 |
_a9780691172989 _c1792.15 |
||
| 037 |
_b111792, 14/02/2018, International Book Distrobutors _cGeneral Book |
||
| 040 |
_aRTL _cRTL _beng |
||
| 041 |
_2eng _aeng |
||
| 082 | _aX64.73, Q7 | ||
| 100 | _aMORDUCH Jonathan | ||
| 245 | 0 |
_aFinancial diaries _b How American families cope in a world of uncertainty |
|
| 260 |
_aNew Jersey _bPrinceton University Press _c2017 |
||
| 300 |
_axii, 233p _ccm. |
||
| 500 | _aBibliography chapterwise | ||
| 650 | _aEconomics | ||
| 700 |
_a SCHNEIDER Rachel _9314037 |
||
| 942 |
_hX64.73, Q7 _cGB _2CC |
||
| 999 |
_c619840 _d619840 |
||